Lyrics to Broadway song Quiz Stats

 Plays Quiz not verified by Sporcle

Also try: Transformers Toys
Challenge
Share
Tweet
Embed
Score 0/170 Timer 10:00
0 Plays Today
Lyrics % Correct
And
93.3%
and
93.3%
and
93.3%
and
93.3%
and
93.3%
a
93.3%
and
93.3%
and
93.3%
the
93.3%
and
93.3%
you
89.9%
you
89.9%
you
89.9%
you.
89.9%
me
79.4%
me
79.4%
me
79.4%
me.
79.4%
me
79.4%
to
78.7%
be
71.2%
be
71.2%
it
70.8%
it
70.8%
your
70.4%
is
70%
we
67.8%
for
65.5%
for
65.5%
no
65.5%
for
65.5%
for
65.5%
you're
64%
you're
64%
you're
64%
you're
64%
you're
64%
you're
64%
with
60.3%
with
60.3%
if
59.9%
too
59.6%
too
59.6%
too
59.6%
that
58.8%
how
58.4%
how
58.4%
My
57.7%
not
57.7%
my
57.7%
this
57.3%
I'm
57.3%
I'm
57.3%
I'm
57.3%
this
57.3%
see
53.6%
I'll
53.2%
Lyrics % Correct
I'll
53.2%
I'll
53.2%
as
52.8%
as
52.8%
as
52.8%
as
52.8%
as
52.8%
as
52.8%
as
52.8%
as
52.8%
As
52.8%
as
52.8%
all
52.4%
mine
51.7%
mine.
51.7%
mine
51.7%
mine
51.7%
mine!
51.7%
it's
51.3%
it's
51.3%
want
50.6%
time.
49.4%
don't
49.4%
but
48.7%
I've
48.3%
I've
48.3%
us
48.3%
some
47.6%
know
47.6%
know
47.6%
could
46.8%
just
46.1%
Just
46.1%
I
45.7%
long
45.7%
every
45.7%
long
45.7%
I
45.7%
Every
45.7%
long
45.7%
I
45.7%
I
45.7%
long
45.7%
long
45.7%
up
44.9%
up
44.9%
up
44.9%
Hold
44.6%
here
44.6%
Kiss
43.1%
need
43.1%
make
43.1%
make
43.1%
you've
41.2%
moment
40.4%
moment
40.4%
got
40.4%
Lyrics % Correct
moment
40.4%
moment
40.4%
may
39.7%
tight.
39%
tonight.
38.2%
under
38.2%
out
37.8%
eyes.
37.5%
over
37.1%
last
37.1%
last
37.1%
Maybe
37.1%
Maybe
37.1%
there's
36.3%
help
36%
lost
36%
lost
36%
beside
35.2%
fiercely
34.8%
Say
34.8%
believing
33.7%
through
33.7%
through
33.7%
spell
33.3%
different
33%
brainless.
32.6%
fallen
32.6%
seeing
32.2%
wanting
31.8%
wise
31.8%
body
31.8%
though
31.8%
Somehow
31.5%
somehow
31.5%
fast
31.1%
care.
31.1%
come
31.1%
wildest
30.7%
lying
30.7%
turns
30.7%
pair
30%
resistance
29.6%
crossed
29.2%
holding
29.2%
borderline
28.8%
feeling
28.8%
fell.
28.8%
future
28.8%
shine.
28.8%
bright
28.5%
wake
28.1%
until
27.7%
foresee
26.2%
dreamings
25.1%
moonlight
25.1%
Borrow
20.6%

You're not logged in!

Compare scores with friends on all Sporcle quizzes.
OR
Log In

You Might Also Like...

Show Comments

Extras

Created Feb 6, 2011ReportNominate
Tags:Broadway Quiz, Song Quiz

Top Quizzes Today


Score Distribution

Your Account Isn't Verified!

In order to create a playlist on Sporcle, you need to verify the email address you used during registration. Go to your Sporcle Settings to finish the process.

Report this User

Report this user for behavior that violates our Community Guidelines.

Details: